Sala de carga: Galería de Arte Contemporáneo. Itinerancia 2012

Saved in:
Bibliografiske detaljer
Main Authors: Contreras Cerda, Joselyne (Author), Saavedra Utman, Jorge (Author)
Format: Bog
Sprog:spansk
engelsk
Udgivet: Santiago Jorge Saavedra Utman 2012
Udgivelse:1a. ed
Fag:
Tags: Tilføj Tag
Ingen Tags, Vær først til at tagge denne postø!

MARC

LEADER 00000cam a2200000 a 4500
001 UCC4622
003 CL-VaPUC
008 180817e20120000cl |||||||||||||||||spa|d
020 |a 9789563530636 
041 0 7 |a spa  |2 CL-VaPUC 
041 0 7 |a eng  |2 CL-VaPUC 
082 0 4 |a 709.83  |b CON  |2 21 
100 0 |a Contreras Cerda, Joselyne  |e author  |9 598834 
700 0 |a Saavedra Utman, Jorge  |e author  |9 598835 
245 1 0 |a Sala de carga: Galería de Arte Contemporáneo. Itinerancia 2012 
246 1 0 |a Contemporary Art Gallery: itinerance 2012 
250 |a 1a. ed 
300 |a 97 p 
942 |c BK 
945 |d 20180817 12:57:00  |a dcastane 
260 |a Santiago  |b Jorge Saavedra Utman  |c 2012 
650 0 |a Arte contemporáneo chileno  |9 464579 
650 0 |a Obras ilustradas  |9 265022 
650 7 |a EXPOSICIONES ARTISTICAS  |2 CL-VaPUC  |9 598836 
583 |a last modification  |c 20180817 12:57:00  |k Rodrigo Vera 
999 |c 372074  |d 372072 
952 |0 0  |1 0  |3 erb  |4 0  |6 709_830000000000000_CON_2012  |7 0  |8 R  |9 489336  |a BIBART  |b BIBART  |i 5487986  |l 2  |o 709.83 CON 2012  |p 5487986  |r 2025-03-13  |s 2022-06-20  |w 2019-11-24  |y BK_R  |z Catalogado en:20180817  |k ART